000
00344nam a2200145Ia 4500
008
230605s1993 xx 000 0 und d
041
_a
eng
100
_a
Foster
245
_a
Operations , Methodes and cost controls
260
_b
Mc. Graw Hell
_c
1993
300
_a
238p
520
_a
General
520
_a
Hard Board
650
_a
F & B Ser.
999
_c
419914
_d
419914